000 00887cam a2200277 i 4500
001 011619661
003 EG-ScBUE
005 20250113154946.0
008 990526s1999 enka f b f001 0 eng d
020 _a0521779790
020 _a9780521779791
040 _aStDuBDS
_beng
_erda
_dUk
_dEG-ScBUE
_cEG-ScBUE
082 0 4 _a523.51
_222
_bLIT
100 1 _aLittmann, Mark,
_d1939-
_eauthor.
245 1 4 _aThe heavens on fire :
_bthe great leonid meteor storms /
_cMark Littmann.
264 1 _aCambridge :
_bCambridge University Press,
_c1999.
300 _a349 pages :
_billustrations ;
_c25 cm
336 _2rdacontent
_atext
_btxt
337 _aunmediated
_2rdamedia
_bn
338 _avolume
_bnc
_2rdacarrier
504 _aIncludes bibliographical references and index.
650 7 _aMeteors
_xHistory.
_2BUEsh
653 _bGGEN
_cJanuary2018
655 _vReading book
942 _2ddc
_cBB
999 _c26036
_d26008